00763nam a2200205Ia 450000500170000000800410001702000180005804100080007608200100008410000270009424500760012126000240019730000080022152001310022965000240036090600080038494200070039299900150039995201430041420250626160546.0220524s9999 xx 000 0 und d a9780713458548 aeng a745.6 aThomson George9212450 aDigital Calligraphyb How to Create Perfect Lettering from Your desktop bB.T. Batsfordc2003 a160 aSection One - Background Section Two - Digital Calligraphy Section Three - Calligraphy & Decoration Section Four - The Gallery aCalligraphy9212451 a695 cBK c5411d5411 00104070aSOFTbSOFTd2012-06-03eRohan Book Dept.g1512.00l0o745.6pSOFT-BK-694r2022-07-08 00:00:00v1512.00w2022-07-08yBKz000694